Koncepčný pohľad na rekreačnú plavbu v oblasti Bratislavy

Vodné dielo Gabčíkovo vytvorilo nové podmienky, v ktorých sa rekreačná plavba bez zodpovedajúcej koncepcie nezaobíde. Najzávažnejším problémom je bezpečnosť plavby. Je nevyhnutné zriadiť vodnú záchrannú službu. Plavba v koryte Dunaja a ramennej sústave. Prístavy a služby pre motorové člny a jachty....

Full description

Saved in:
Bibliographic Details
Main Author: Mišík, M.
Format: Book Chapter
Language:Slovak
Subjects:
Tags: Add Tag
No Tags, Be the first to tag this record!

MARC

LEADER 00000naa a2200000 4500
001 r024571
005 20221205091523.5
041 0 |a slo 
044 |a SK 
245 1 0 |a Koncepčný pohľad na rekreačnú plavbu v oblasti Bratislavy  |c M. Mišík 
520 |a Vodné dielo Gabčíkovo vytvorilo nové podmienky, v ktorých sa rekreačná plavba bez zodpovedajúcej koncepcie nezaobíde. Najzávažnejším problémom je bezpečnosť plavby. Je nevyhnutné zriadiť vodnú záchrannú službu. Plavba v koryte Dunaja a ramennej sústave. Prístavy a služby pre motorové člny a jachty. Nové možnosti pre vodné športy. 
610 2 0 |a diela vodné 
610 2 0 |a Gabčíkovo 
610 2 0 |a rekreácia 
610 2 0 |a plavidlá 
610 2 0 |a doprava vodná osobná 
610 2 0 |a prístavy 
610 2 0 |a bezpečnosť dopravy 
610 2 0 |a Dunaj 
100 1 |a Mišík, M.